000 00789nam a2200229Ia 4500
003 Ost
005 20260507075025.0
008 260507s9999||||xx |||||||||||||| ||und||
020 _a9957240226
040 _cfsecg
041 _aara
082 _a330
100 _aصبري ، عزام
_eمؤلف
245 0 _aالرياضيات في التكامل والقطوع المخروطية /
_c عزام صبري
260 _aعمان:
_bدار صفاء للنشر والتوزيع,
_c2002
300 _a157 صفحة؛
_bإيضاحات ؛
_c24 سم
520 _aتعريف التكامل وخصائصه - القطوع المخروطية
653 _aالاقتصاد الرياضي
653 _aالرياضيات
653 _aالهندسة الرياضية
942 _cكتاب
999 _c42321
_d42321